[Event "DEM U10 2018"]
[Site "Willingen GER"]
[Date "2018.05.20"]
[Round "1"]
[White "Müller, Maximilian"]
[Black "Sinka, Silas"]
[Result "1-0"]
[Termination "normal"]
[Board "21"]
[WhiteElo "1497"]
[BlackElo "1186"]
[PlyCount "113"]
[WhiteFideId "16243552"]
[BlackFideId "16265823"]
[EventCountry "GER"]
[EventRounds "11"]
[EventType "swiss"]
[EventDate "2018.05.19"]

1. d4 e6 2. c4 Nf6 3. Nc3 c5 4. e3 d5 5. Nf3 Nc6 6. Be2 Be7 7. O-O O-O 8. b3
cxd4 9. exd4 Bb4 10. Bb2 Qa5 11. Na4 a6 12. c5 Bd7 13. a3 Bxc5 14. Nxc5 Qc7 15.
Nxd7 Qxd7 16. Ne5 Qc7 17. Rc1 Qd6 18. Nxc6 bxc6 19. Qc2 Rac8 20. Bxa6 Rc7 21.
a4 Ra8 22. Bd3 h5 23. Qc5 Qd7 24. Ba3 Rd8 25. Bb4 Rdc8 26. Qd6 Rb8 27. Qxd7
Nxd7 28. Bd6 Rbc8 29. Bxc7 Rxc7 30. Bb5 Nb8 31. Rc2 Kf8 32. Rfc1 Ke7 33. Bxc6
Kd6 34. Bb5 Rxc2 35. Rxc2 f5 36. Rc8 Nd7 37. Rd8 Ke7 38. Rxd7+ Kf6 39. a5 e5
40. Rxd5 exd4 41. Rxd4 Ke5 42. a6 Kxd4 43. a7 Kc5 44. Be2 Kb4 45. a8=Q Kxb3 46.
Qd5+ Kc3 47. Bxh5 f4 48. Kf1 Kc2 49. Qd4 Kb3 50. Qc5 Kb2 51. Qc4 Ka3 52. Qb5
Ka2 53. Qb4 Ka1 54. Ke1 Ka2 55. Bf7+ Ka1 56. Qb3 g5 57. Qa2# 1-0

[Event "DEM U10 2018"]
[Site "Willingen GER"]
[Date "2018.05.20"]
[Round "1"]
[White "Malchereck, Romeo"]
[Black "Müller, Milo"]
[Result "0-1"]
[Termination "normal"]
[Board "22"]
[WhiteElo "1184"]
[BlackElo "1443"]
[PlyCount "36"]
[WhiteFideId "16265831"]
[BlackFideId "16265700"]
[EventCountry "GER"]
[EventRounds "11"]
[EventType "swiss"]
[EventDate "2018.05.19"]

1. e4 c5 2. Nf3 g6 3. Nc3 Bg7 4. Bc4 Nc6 5. d3 Nf6 6. Be3 d6 7. Qd2 O-O 8. O-O
Bg4 9. Qe2 Ne5 10. Rfd1 Bxf3 11. gxf3 Qc8 12. Kf1 Qh3+ 13. Ke1 Nxf3+ 14. Qxf3
Qxf3 15. Kd2 Ng4 16. Nd5 Nxe3 17. fxe3 Bxb2 18. Rab1 Qf2# 0-1

[Event "DEM U10 2018"]
[Site "Willingen GER"]
[Date "2018.05.20"]
[Round "1"]
[White "Ivanov, Alexander"]
[Black "Hoppstädter, Daniel"]
[Result "0-1"]
[Termination "normal"]
[Board "24"]
[WhiteElo "1155"]
[BlackElo "1219"]
[PlyCount "84"]
[WhiteFideId "34604472"]
[BlackFideId "16243625"]
[EventCountry "GER"]
[EventRounds "11"]
[EventType "swiss"]
[EventDate "2018.05.19"]

1. d4 e6 2. c4 Nf6 3. Nc3 Bb4 4. Nf3 O-O 5. Bf4 d5 6. e3 c5 7. Be2 Bxc3+ 8.
bxc3 Qa5 9. Qd2 Ne4 10. Qc2 Qxc3+ 11. Qxc3 Nxc3 12. Bd6 Rd8 13. Bxc5 Nxe2 14.
Kxe2 dxc4 15. Rhc1 Bd7 16. Ne5 b5 17. a4 bxa4 18. Nxd7 Nxd7 19. Rxc4 Rdc8 20.
Raxa4 Nb6 21. Bxb6 Rxc4 22. Rxc4 axb6 23. Kd3 Kf8 24. e4 Ra3+ 25. Rc3 Rxc3+ 26.
Kxc3 Ke7 27. Kc4 Kd6 28. Kb5 Kc7 29. f4 h5 30. h3 h4 31. g4 hxg3 32. f5 g2 33.
fxe6 fxe6 34. d5 exd5 35. exd5 g1=Q 36. h4 Qc5+ 37. Ka4 b5+ 38. Kb3 Qc4+ 39.
Ka3 b4+ 40. Ka4 Kd6 41. h5 Kc5 42. d6 Qa2# 0-1

[Event "DEM U10 2018"]
[Site "Willingen GER"]
[Date "2018.05.20"]
[Round "1"]
[White "Helms, Finn"]
[Black "Fröhlich, Niklas"]
[Result "1-0"]
[Termination "normal"]
[Board "25"]
[WhiteElo "1435"]
[BlackElo "1147"]
[PlyCount "129"]
[WhiteFideId "16249143"]
[BlackFideId "16245016"]
[EventCountry "GER"]
[EventRounds "11"]
[EventType "swiss"]
[EventDate "2018.05.19"]

1. d4 Nf6 2. Bf4 g6 3. e3 Bg7 4. c3 d6 5. Nf3 Bf5 6. h3 O-O 7. Be2 Qd7 8. Nbd2
Nc6 9. Bg3 Qe8 10. Bb5 a6 11. Ba4 b5 12. Bb3 Na5 13. Qe2 Qc6 14. d5 Qb7 15. e4
Bd7 16. Bc2 Qb6 17. Bf4 Nh5 18. Be3 Qb8 19. Nd4 e5 20. N4b3 Nxb3 21. axb3 f5
22. exf5 Bxf5 23. Bxf5 Nf4 24. Bxf4 exf4 25. Be6+ Kh8 26. O-O h5 27. Qe4 Kh7
28. Nf3 Kh6 29. Nh4 Rf6 30. g3 Qb7 31. gxf4 Re8 32. Kh2 Rexe6 33. Qxe6 Rxe6 34.
dxe6 Bf6 35. Ng2 Qd5 36. Rae1 Be7 37. b4 Qb3 38. Re2 Qc4 39. Rfe1 c5 40. bxc5
Qxc5 41. Ra1 Qc4 42. Re3 Qc8 43. Rd3 Qxe6 44. Rxa6 Kg7 45. Ra7 Kf6 46. Re3 Qf7
47. Raxe7 Qxe7 48. Rxe7 Kxe7 49. Kg3 Ke6 50. Ne3 d5 51. Kh4 b4 52. Kg5 bxc3 53.
bxc3 d4 54. cxd4 Ke7 55. Kxg6 Ke6 56. Kxh5 Kf6 57. d5 Ke7 58. f5 Ke8 59. Kg6
Kf8 60. d6 Ke8 61. f6 Kd7 62. f7 Ke6 63. f8=Q Ke5 64. Qf6+ Ke4 65. Qf5+ 1-0

[Event "DEM U10 2018"]
[Site "Willingen GER"]
[Date "2018.05.20"]
[Round "1"]
[White "Leubner, Paul Damdin"]
[Black "Kiefhaber, Tobias"]
[Result "1-0"]
[Termination "normal"]
[Board "26"]
[WhiteElo "1127"]
[BlackElo "1551"]
[PlyCount "97"]
[WhiteFideId "16265858"]
[BlackFideId "16240693"]
[EventCountry "GER"]
[EventRounds "11"]
[EventType "swiss"]
[EventDate "2018.05.19"]

1. e4 c6 2. Nf3 d5 3. Nc3 dxe4 4. Nxe4 Nf6 5. Ng3 e6 6. Bc4 Bd6 7. O-O O-O 8.
d3 Nbd7 9. Be3 Nb6 10. Bb3 Nbd5 11. Bg5 Qc7 12. Qd2 Bf4 13. Qe2 Bxg5 14. Nxg5
Nf4 15. Qd2 N6d5 16. Rfe1 Qe7 17. Nf3 Qb4 18. c3 Qd6 19. Re4 f5 20. Ree1 Rf6
21. c4 Ne7 22. d4 Neg6 23. c5 Qc7 24. Rad1 b6 25. Qc3 Bb7 26. h4 h5 27. Qc1 Ba6
28. Bc4 Bxc4 29. Qxc4 b5 30. Qc1 Qa5 31. a3 Rd8 32. Ne2 Nxe2+ 33. Rxe2 Qa4 34.
Ree1 f4 35. Ng5 e5 36. dxe5 Rxd1 37. Rxd1 Nxe5 38. Rd8+ Rf8 39. Qd2 Nf7 40.
Nxf7 Kxf7 41. Qd7+ Kg8 42. Qe6+ Kh7 43. Rxf8 Qd1+ 44. Kh2 f3 45. Rxf3 Qa4 46.
Qf5+ Kh6 47. Qg5+ Kh7 48. Rf8 Qc2 49. Qxh5# 1-0

[Event "DEM U10 2018"]
[Site "Willingen GER"]
[Date "2018.05.20"]
[Round "1"]
[White "Aravindan, Midhulan"]
[Black "Hubert, Nikita"]
[Result "1-0"]
[Termination "normal"]
[Board "27"]
[WhiteElo "1446"]
[BlackElo "1122"]
[PlyCount "77"]
[WhiteFideId "16237250"]
[BlackFideId "16235754"]
[EventCountry "GER"]
[EventRounds "11"]
[EventType "swiss"]
[EventDate "2018.05.19"]

1. e4 e5 2. Nf3 Nc6 3. Bb5 Nf6 4. d3 d6 5. O-O Bg4 6. h3 Bh5 7. Bg5 h6 8. Bh4
g5 9. Bg3 g4 10. hxg4 Bxg4 11. Nbd2 Qd7 12. Qe1 O-O-O 13. Qe3 Be7 14. Rfc1 Bxf3
15. Nxf3 Ng4 16. Bxc6 Qxc6 17. Qxa7 b6 18. Qa6+ Kd7 19. Qc4 Qxc4 20. dxc4 h5
21. Rd1 Kc8 22. Bh4 f6 23. a4 Nh6 24. a5 bxa5 25. Rxa5 Kd7 26. b4 Ke6 27. Nd2
Ng4 28. Rda1 Rc8 29. Nb1 c6 30. Nc3 Rhd8 31. f3 Ne3 32. R5a2 Nxc4 33. Ne2 Nb6
34. Ng3 Rh8 35. Nf5 Bf8 36. Bf2 c5 37. Rd1 d5 38. Ra6 dxe4 39. fxe4 1-0

[Event "DEM U10 2018"]
[Site "Willingen GER"]
[Date "2018.05.20"]
[Round "1"]
[White "Mader, Fabian"]
[Black "Linnemann, Caspar"]
[Result "0-1"]
[Termination "normal"]
[Board "28"]
[WhiteElo "1095"]
[BlackElo "1408"]
[PlyCount "72"]
[WhiteFideId "16265866"]
[BlackFideId "16200284"]
[EventCountry "GER"]
[EventRounds "11"]
[EventType "swiss"]
[EventDate "2018.05.19"]

1. e4 e5 2. Nf3 Nc6 3. Bc4 d6 4. c3 Bg4 5. Bb3 Nf6 6. d3 Be7 7. Nbd2 O-O 8. h3
Bd7 9. Nh4 Nxe4 10. dxe4 Bxh4 11. Nf3 Be7 12. Qd3 Na5 13. Bc2 a6 14. b4 Nc6 15.
Nh2 Kh8 16. Qf3 Qc8 17. Ng4 f5 18. Ne3 Bg5 19. Nxf5 Bxc1 20. Rxc1 g6 21. g4
gxf5 22. exf5 Qd8 23. Qe4 Rf7 24. Rf1 Qg5 25. f4 exf4 26. Rxf4 Re8 27. Kd1 Rxe4
28. Rxe4 Qh4 29. Re3 Ne5 30. Bb3 Qf2 31. Re2 Qf1+ 32. Kd2 Qf4+ 33. Kc2 Nc4 34.
Rce1 Re7 35. Rxe7 Qd2+ 36. Kb1 Qb2# 0-1

[Event "DEM U10 2018"]
[Site "Willingen GER"]
[Date "2018.05.20"]
[Round "1"]
[White "Puchas, Henrik"]
[Black "Westedt, Felix"]
[Result "1-0"]
[Termination "normal"]
[Board "29"]
[WhiteElo "1439"]
[BlackElo "1049"]
[PlyCount "73"]
[WhiteFideId "16257995"]
[BlackFideId "16265874"]
[EventCountry "GER"]
[EventRounds "11"]
[EventType "swiss"]
[EventDate "2018.05.19"]

1. e4 c5 2. Nf3 Nc6 3. d4 cxd4 4. Nxd4 e6 5. Nc3 Nf6 6. f3 Bc5 7. Be3 Nxd4 8.
Bxd4 b6 9. Bxc5 bxc5 10. Nb5 d5 11. e5 Nd7 12. Nd6+ Ke7 13. f4 Ba6 14. Qh5 g6
15. Qg5+ Kf8 16. Qh6+ Kg8 17. Bxa6 Qa5+ 18. c3 Qxa6 19. Qg5 Kg7 20. Qe7 Rad8
21. Qxf7+ Kh6 22. Qxe6 Rhe8 23. Nf7+ Kg7 24. Qxa6 Kxf7 25. O-O c4 26. Rae1 Nc5
27. Qxa7+ Rd7 28. Qxc5 Ree7 29. e6+ Rxe6 30. Rxe6 Kxe6 31. Qc6+ Rd6 32. Re1+
Kf5 33. Qxd6 g5 34. Qe5+ Kg6 35. Qxg5+ Kf7 36. Re7+ Kf8 37. Qg7# 1-0

[Event "DEM U10 2018"]
[Site "Willingen GER"]
[Date "2018.05.20"]
[Round "1"]
[White "Schüller, Julian"]
[Black "Cilo, Selimhan"]
[Result "0-1"]
[Termination "normal"]
[Board "30"]
[WhiteElo "1035"]
[BlackElo "1400"]
[PlyCount "42"]
[WhiteFideId "16265882"]
[BlackFideId "16246756"]
[EventCountry "GER"]
[EventRounds "11"]
[EventType "swiss"]
[EventDate "2018.05.19"]

1. d4 d5 2. Nc3 Nf6 3. Bg5 Bf5 4. f3 c5 5. g4 cxd4 6. Qxd4 Bxc2 7. Bxf6 exf6 8.
Nxd5 Nc6 9. Qc4 Qa5+ 10. Nc3 O-O-O 11. a3 Rd7 12. b4 Bxb4 13. Kf2 Bxc3 14. Rc1
Bd4+ 15. Kg2 Bg6 16. a4 Qg5 17. h4 Qe3 18. h5 Bxh5 19. gxh5 Qg5+ 20. Kh2 Be5+
21. Kh3 Qg3# 0-1

[Event "DEM U10 2018"]
[Site "Willingen GER"]
[Date "2018.05.20"]
[Round "2"]
[White "Fruth, David"]
[Black "Deuer, Marius"]
[Result "0-1"]
[Termination "normal"]
[Board "1"]
[WhiteElo "1482"]
[BlackElo "1842"]
[WhiteClock "00:55:43"]
[BlackClock "00:21:06"]
[PlyCount "108"]
[WhiteFideId "16257596"]
[BlackFideId "16236432"]
[EventCountry "GER"]
[EventRounds "11"]
[EventType "swiss"]
[EventDate "2018.05.19"]

1. e4 {[%clk 1:15:52]} 1... c5 {[%clk 1:15:53]} 2. d4 {[%clk 1:16:17]} 2...
cxd4 {[%clk 1:16:10]} 3. c3 {[%clk 1:16:41]} 3... Nf6 {[%clk 1:16:37]} 4. e5 {
[%clk 1:16:56]} 4... Nd5 {[%clk 1:17:01]} 5. Bc4 {[%clk 1:17:13]} 5... Nb6 {
[%clk 1:17:14]} 6. Bb3 {[%clk 1:17:37]} 6... Nc6 {[%clk 1:16:49]} 7. Nf3 {
[%clk 1:17:58]} 7... d5 {[%clk 1:16:58]} 8. exd6 8... Qxd6 {[%clk 1:17:03]} 9.
O-O {[%clk 1:17:53]} 9... d3 {[%clk 1:01:42]} 10. Be3 {[%clk 1:15:14]} 10...
Bf5 {[%clk 0:57:20]} 11. Nbd2 {[%clk 1:14:10]} 11... e6 {[%clk 0:54:06]} 12.
Nc4 {[%clk 1:13:43]} 12... Qc7 {[%clk 0:47:10]} 13. Nxb6 {[%clk 1:12:40]} 13...
axb6 {[%clk 0:47:29]} 14. Bc4 {[%clk 1:12:48]} 14... O-O-O {[%clk 0:47:35]} 15.
Qb3 {[%clk 1:09:06]} 15... Bc5 {[%clk 0:45:35]} 16. Bxc5 {[%clk 1:06:41]} 16...
bxc5 {[%clk 0:45:43]} 17. Rad1 {[%clk 1:06:53]} 17... Na5 {[%clk 0:42:15]} 18.
Qb5 {[%clk 1:06:39]} 18... Nxc4 {[%clk 0:42:41]} 19. Qxc4 {[%clk 1:07:01]}
19... h6 {[%clk 0:40:05]} 20. Ne1 {[%clk 1:04:04]} 20... d2 {[%clk 0:39:04]}
21. Nf3 {[%clk 1:04:23]} 21... Bd3 {[%clk 0:39:24]} 22. Qb3 {[%clk 1:03:52]}
22... Bxf1 {[%clk 0:39:29]} 23. Kxf1 {[%clk 1:04:12]} 23... Qf4 {[%clk 0:37:31]
} 24. Qb5 {[%clk 1:03:25]} 24... Rd5 {[%clk 0:34:08]} 25. c4 {[%clk 1:02:27]}
25... Rd7 {[%clk 0:33:55]} 26. Qxc5+ {[%clk 1:00:25]} 26... Rc7 {[%clk 0:34:07]
} 27. Qb4 {[%clk 0:59:40]} 27... Qxc4+ {[%clk 0:33:44]} 28. Qxc4 { [%clk
0:59:23]} 28... Rxc4 {[%clk 0:34:09]} 29. Rxd2 {[%clk 0:59:43]} 29... Rd8
{[%clk 0:33:07]} 30. Ke2 {[%clk 0:59:01]} 30... Rc1 {[%clk 0:32:12]} 31. Ne1 {
[%clk 0:57:43]} 31... Rxd2+ {[%clk 0:30:13]} 32. Kxd2 {[%clk 0:57:15]} 32...
Rb1 {[%clk 0:30:36]} 33. Nd3 {[%clk 0:57:19]} 33... Rh1 {[%clk 0:30:56]} 34. h3
{[%clk 0:57:31]} 34... Rh2 {[%clk 0:31:12]} 35. Ne1 {[%clk 0:57:37]} 35... Kd7
{[%clk 0:31:02]} 36. Ke2 {[%clk 0:57:58]} 36... Rh1 {[%clk 0:31:11]} 37. Kd2 {
[%clk 0:58:02]} 37... g5 {[%clk 0:31:21]} 38. Ke2 {[%clk 0:57:48]} 38... f5 {
[%clk 0:30:45]} 39. f3 {[%clk 0:57:41]} 39... Kd6 {[%clk 0:30:22]} 40. Kf2 {
[%clk 0:57:40]} 40... h5 {[%clk 0:29:30]} 41. Ke2 {[%clk 0:57:27]} 41... g4 {
[%clk 0:29:28]} 42. hxg4 {[%clk 0:57:45]} 42... hxg4 {[%clk 0:29:46]} 43. fxg4
{[%clk 0:58:06]} 43... fxg4 {[%clk 0:30:09]} 44. Nd3 {[%clk 0:58:02]} 44... Kd5
{[%clk 0:27:58]} 45. Nf4+ {[%clk 0:56:51]} 45... Ke5 {[%clk 0:26:32]} 46. Nd3+
{[%clk 0:57:09]} 46... Kd4 {[%clk 0:26:56]} 47. Nf2 {[%clk 0:56:03]} 47... Rg1
{[%clk 0:26:44]} 48. Nxg4 {[%clk 0:55:39]} 48... Rxg2+ {[%clk 0:27:07]} 49. Nf2
{[%clk 0:55:59]} 49... Rxf2+ {[%clk 0:19:24]} 50. Kxf2 {[%clk 0:54:59]} 50...
Kd3 {[%clk 0:19:50]} 51. Ke1 {[%clk 0:54:29]} 51... Kc2 {[%clk 0:20:05]} 52.
Ke2 {[%clk 0:54:55]} 52... Kxb2 {[%clk 0:20:24]} 53. Ke3 {[%clk 0:55:20]} 53...
Kxa2 {[%clk 0:20:43]} 54. Ke4 {[%clk 0:55:43]} 54... b5 {[%clk 0:21:06]} 0-1

[Event "DEM U10 2018"]
[Site "Willingen GER"]
[Date "2018.05.20"]
[Round "2"]
[White "Costa, Leonardo"]
[Black "Korek, Jakob Alexander"]
[Result "1-0"]
[Termination "normal"]
[Board "2"]
[WhiteElo "1848"]
[BlackElo "1517"]
[WhiteClock "00:31:15"]
[BlackClock "00:07:30"]
[PlyCount "71"]
[WhiteFideId "16213955"]
[BlackFideId "16240022"]
[EventCountry "GER"]
[EventRounds "11"]
[EventType "swiss"]
[EventDate "2018.05.19"]

1. e4 {[%clk 1:15:59]} 1... c5 {[%clk 1:15:51]} 2. Nf3 {[%clk 1:16:25]} 2... e6
{[%clk 1:16:08]} 3. d4 {[%clk 1:16:46]} 3... cxd4 {[%clk 1:16:27]} 4. Nxd4 {
[%clk 1:17:09]} 4... Nf6 {[%clk 1:16:41]} 5. Bd3 {[%clk 1:17:20]} 5... Qb6 {
[%clk 1:15:09]} 6. Nb3 {[%clk 1:15:15]} 6... Nc6 {[%clk 1:13:42]} 7. O-O {
[%clk 1:14:03]} 7... Be7 {[%clk 1:09:34]} 8. c4 {[%clk 1:12:06]} 8... d6 {
[%clk 1:08:23]} 9. Nc3 {[%clk 1:12:17]} 9... a6 {[%clk 1:07:52]} 10. Be3 {
[%clk 1:11:22]} 10... Qd8 {[%clk 1:07:19]} 11. f3 {[%clk 1:11:08]} 11... O-O {
[%clk 1:07:10]} 12. Qd2 {[%clk 1:10:29]} 12... Qd7 13. Rfd1 {[%clk 1:08:27]}
13... h6 {[%clk 0:59:08]} 14. Bf1 {[%clk 1:07:45]} 14... Rd8 {[%clk 0:53:08]}
15. Bb6 {[%clk 1:07:05]} 15... Re8 {[%clk 0:52:24]} 16. Qf2 {[%clk 1:06:23]}
16... Bd8 {[%clk 0:41:26]} 17. Be3 {[%clk 1:00:00]} 17... Bc7 {[%clk 0:37:54]}
18. Rd2 {[%clk 0:58:55]} 18... Rd8 {[%clk 0:33:52]} 19. Rad1 {[%clk 0:58:15]}
19... Qe7 {[%clk 0:31:24]} 20. Na4 {[%clk 0:50:39]} 20... Rb8 {[%clk 0:26:26]}
21. Nb6 {[%clk 0:48:33]} 21... Kh8 {[%clk 0:23:53]} 22. a4 {[%clk 0:46:41]}
22... Nb4 {[%clk 0:11:33]} 23. a5 {[%clk 0:45:30]} 23... e5 {[%clk 0:11:03]}
24. c5 {[%clk 0:44:10]} 24... Be6 {[%clk 0:10:06]} 25. cxd6 {[%clk 0:42:46]}
25... Bxd6 {[%clk 0:10:08]} 26. Nc5 {[%clk 0:33:17]} 26... Bxc5 {[%clk 0:09:37]
} 27. Bxc5 {[%clk 0:31:28]} 27... Rxd2 {[%clk 0:09:44]} 28. Rxd2 { [%clk
0:31:53]} 28... Qe8 {[%clk 0:09:16]} 29. Bxb4 {[%clk 0:32:15]} 29... Nd7 {[%clk
0:08:38]} 30. Nxd7 {[%clk 0:29:56]} 30... Bxd7 {[%clk 0:08:47]} 31. Qc5 {[%clk
0:29:41]} 31... Rc8 {[%clk 0:08:12]} 32. Qe7 {[%clk 0:29:58]} 32... Bc6 {[%clk
0:07:03]} 33. Qxe8+ {[%clk 0:30:19]} 33... Rxe8 {[%clk 0:07:26]} 34. Bc4 {[%clk
0:30:39]} 34... f6 {[%clk 0:07:39]} 35. Kf2 {[%clk 0:30:58]} 35... Rc8 { [%clk
0:07:30]} 36. b3 {[%clk 0:31:15]} 1-0

[Event "DEM U10 2018"]
[Site "Willingen GER"]
[Date "2018.05.20"]
[Round "2"]
[White "Sommer, Justus"]
[Black "Nitsche, Nikolai"]
[Result "1/2-1/2"]
[Termination "normal"]
[Board "3"]
[WhiteElo "1459"]
[BlackElo "1810"]
[WhiteClock "01:01:56"]
[BlackClock "00:22:37"]
[PlyCount "72"]
[WhiteFideId "16245008"]
[BlackFideId "16221036"]
[EventCountry "GER"]
[EventRounds "11"]
[EventType "swiss"]
[EventDate "2018.05.19"]

1. e4 {[%clk 1:15:55]} 1... e6 {[%clk 1:15:53]} 2. d4 {[%clk 1:16:19]} 2... d5
{[%clk 1:16:14]} 3. exd5 {[%clk 1:16:39]} 3... exd5 {[%clk 1:16:40]} 4. Bd3 {
[%clk 1:16:54]} 4... Nf6 {[%clk 1:15:24]} 5. Bg5 {[%clk 1:17:12]} 5... Be7 {
[%clk 1:15:26]} 6. Ne2 {[%clk 1:17:02]} 6... c6 {[%clk 1:11:37]} 7. Nd2 { [%clk
1:16:38]} 7... Bg4 {[%clk 1:10:37]} 8. h3 {[%clk 1:15:58]} 8... Bh5 { [%clk
1:10:56]} 9. c3 {[%clk 1:16:11]} 9... Nbd7 {[%clk 1:10:51]} 10. Qc2 { [%clk
1:16:26]} 10... Qc7 {[%clk 1:10:35]} 11. Ng3 {[%clk 1:16:09]} 11... Bg6 { [%clk
1:10:49]} 12. Bxg6 {[%clk 1:15:41]} 12... hxg6 {[%clk 1:11:08]} 13. O-O-O
{[%clk 1:15:36]} 13... O-O-O {[%clk 1:11:24]} 14. Rhe1 {[%clk 1:15:27]} 14...
Bd6 {[%clk 1:11:04]} 15. Re3 {[%clk 1:14:29]} 15... Rde8 {[%clk 1:10:01]} 16.
Rde1 {[%clk 1:11:53]} 16... Rxe3 {[%clk 1:03:22]} 17. Rxe3 {[%clk 1:11:49]}
17... Nh5 {[%clk 0:59:03]} 18. Nxh5 {[%clk 1:11:04]} 18... gxh5 {[%clk 0:59:04]
} 19. Bh4 {[%clk 1:10:05]} 19... Bf4 {[%clk 0:52:36]} 20. Bg3 {[%clk 1:08:14]}
20... Bxg3 {[%clk 0:51:56]} 21. Rxg3 {[%clk 1:07:30]} 21... Re8 {[%clk 0:48:26]
} 22. Qd3 {[%clk 1:06:57]} 22... g6 {[%clk 0:48:02]} 23. Re3 {[%clk 1:06:38]}
23... Qd8 {[%clk 0:43:30]} 24. Rxe8 {[%clk 1:06:13]} 24... Qxe8 {[%clk 0:41:21]
} 25. Qe3 {[%clk 1:06:30]} 25... Qxe3 {[%clk 0:41:29]} 26. fxe3 {[%clk 1:06:50]
} 26... f5 {[%clk 0:41:52]} 27. Nf3 {[%clk 1:07:05]} 27... Kd8 {[%clk 0:42:02]}
28. Nh4 {[%clk 1:07:19]} 28... Nf8 {[%clk 0:42:08]} 29. Kd2 {[%clk 1:07:40]}
29... Ke7 {[%clk 0:42:24]} 30. Ke2 {[%clk 1:07:01]} 30... Kf6 {[%clk 0:39:20]}
31. g3 {[%clk 1:06:22]} 31... Nd7 {[%clk 0:36:56]} 32. Nf3 {[%clk 1:04:46]}
32... b6 {[%clk 0:34:42]} 33. h4 {[%clk 1:04:27]} 33... c5 {[%clk 0:30:37]} 34.
Ng5 {[%clk 1:03:06]} 34... Ke7 {[%clk 0:25:24]} 35. Kf3 {[%clk 1:02:50]} 35...
Nf6 {[%clk 0:23:53]} 36. Kf4 {[%clk 1:01:56]} 36... Ng4 {[%clk 0:22:37]}
1/2-1/2

[Event "DEM U10 2018"]
[Site "Willingen GER"]
[Date "2018.05.20"]
[Round "2"]
[White "Poschadel, Andreas Gregor"]
[Black "Müller, Maximilian"]
[Result "0-1"]
[Termination "normal"]
[Board "4"]
[WhiteElo "1771"]
[BlackElo "1497"]
[WhiteClock "00:03:05"]
[BlackClock "01:08:24"]
[PlyCount "144"]
[WhiteFideId "16204948"]
[BlackFideId "16243552"]
[EventCountry "GER"]
[EventRounds "11"]
[EventType "swiss"]
[EventDate "2018.05.19"]

1. e4 {[%clk 1:15:59]} 1... e6 {[%clk 1:15:57]} 2. d4 {[%clk 1:16:22]} 2... d5
{[%clk 1:16:21]} 3. exd5 {[%clk 1:16:47]} 3... exd5 {[%clk 1:16:45]} 4. Nf3 {
[%clk 1:17:10]} 4... Nf6 {[%clk 1:16:54]} 5. Bd3 {[%clk 1:16:52]} 5... Bd6 {
[%clk 1:17:06]} 6. O-O {[%clk 1:14:53]} 6... O-O {[%clk 1:17:26]} 7. Bg5 {
[%clk 1:13:35]} 7... Nbd7 {[%clk 1:15:18]} 8. Nc3 {[%clk 1:06:38]} 8... c6 {
[%clk 1:14:39]} 9. Re1 {[%clk 0:59:23]} 9... Qc7 {[%clk 1:14:00]} 10. Qd2 {
[%clk 0:53:37]} 10... b6 {[%clk 1:06:11]} 11. Re2 {[%clk 0:40:01]} 11... Bb7 {
[%clk 1:06:14]} 12. Rae1 {[%clk 0:38:27]} 12... Rae8 {[%clk 1:03:18]} 13. Bf5 {
[%clk 0:35:41]} 13... Rxe2 {[%clk 1:02:47]} 14. Rxe2 {[%clk 0:34:13]} 14... Re8
{[%clk 0:59:39]} 15. Qe1 {[%clk 0:23:24]} 15... Rxe2 {[%clk 0:59:40]} 16. Qxe2
{[%clk 0:21:56]} 16... Kf8 {[%clk 0:58:18]} 17. Bh4 {[%clk 0:13:29]} 17... g6 {
[%clk 0:55:17]} 18. Bh3 {[%clk 0:12:20]} 18... Nh5 {[%clk 0:54:18]} 19. Qe3 {
[%clk 0:09:58]} 19... Nf4 {[%clk 0:54:30]} 20. Bg4 {[%clk 0:09:04]} 20... f5 {
[%clk 0:54:39]} 21. Bh3 {[%clk 0:07:41]} 21... Nxh3+ {[%clk 0:55:05]} 22. gxh3
{[%clk 0:08:04]} 22... Bf4 {[%clk 0:54:45]} 23. Qe7+ {[%clk 0:08:09]} 23... Kg8
{[%clk 0:54:25]} 24. Ne5 {[%clk 0:07:28]} 24... Nxe5 {[%clk 0:54:10]} 25. Qe8+
{[%clk 0:04:21]} 25... Kg7 {[%clk 0:54:26]} 26. dxe5 {[%clk 0:03:28]} 26...
Bxe5 {[%clk 0:54:41]} 27. Be7 {[%clk 0:01:44]} 27... h6 {[%clk 0:52:52]} 28.
Qf8+ {[%clk 0:00:57]} 28... Kh7 {[%clk 0:52:52]} 29. Kg2 {[%clk 0:00:38]} 29...
c5 {[%clk 0:52:19]} 30. Bd8 {[%clk 0:00:33]} 30... Qg7 {[%clk 0:52:17]} 31.
Qxg7+ {[%clk 0:00:36]} 31... Kxg7 {[%clk 0:52:40]} 32. Nd1 {[%clk 0:00:39]}
32... g5 {[%clk 0:52:58]} 33. h4 {[%clk 0:01:01]} 33... g4 {[%clk 0:53:15]} 34.
h5 {[%clk 0:00:35]} 34... Bf6 {[%clk 0:52:38]} 35. Bc7 {[%clk 0:00:50]} 35...
Bg5 {[%clk 0:52:48]} 36. Bb8 {[%clk 0:00:45]} 36... a6 {[%clk 0:53:01]} 37. Ba7
{[%clk 0:00:39]} 37... Bd8 {[%clk 0:53:26]} 38. Bb8 {[%clk 0:01:06]} 38... c4 {
[%clk 0:53:01]} 39. Kg3 {[%clk 0:01:02]} 39... Bg5 {[%clk 0:53:06]} 40. Be5+ {
[%clk 0:00:43]} 40... Kf7 {[%clk 0:53:02]} 41. c3 {[%clk 0:00:39]} 41... Ke6 {
[%clk 0:53:01]} 42. Bd4 {[%clk 0:00:39]} 42... b5 {[%clk 0:53:09]} 43. h4 {
[%clk 0:14:41]} 43... Be7 {[%clk 1:07:40]} 44. Bg7 {[%clk 0:13:43]} 44... Bd6+
{[%clk 1:07:54]} 45. Kg2 {[%clk 0:14:01]} 45... Bf4 {[%clk 1:08:17]} 46. Kf1 {
[%clk 0:12:33]} 46... Bc6 {[%clk 1:08:34]} 47. Ne3 {[%clk 0:11:09]} 47... Be8 {
[%clk 1:06:52]} 48. Ng2 {[%clk 0:09:10]} 48... Bc1 {[%clk 1:06:19]} 49. b3 {
[%clk 0:08:47]} 49... Kd6 {[%clk 1:04:32]} 50. Ne3 {[%clk 0:08:38]} 50... Bxe3
{[%clk 1:03:30]} 51. fxe3 {[%clk 0:09:06]} 51... Bxh5 {[%clk 1:03:44]} 52. Bxh6
{[%clk 0:09:27]} 52... Ke5 {[%clk 1:04:08]} 53. Kf2 {[%clk 0:05:20]} 53... Ke4
{[%clk 1:04:28]} 54. Bg7 {[%clk 0:04:36]} 54... g3+ {[%clk 1:04:10]} 55. Kxg3 {
[%clk 0:05:02]} 55... Kxe3 {[%clk 1:04:31]} 56. Bd4+ {[%clk 0:04:43]} 56... Ke4
{[%clk 1:03:47]} 57. bxc4 {[%clk 0:03:16]} 57... dxc4 {[%clk 1:03:53]} 58. Bc5
{[%clk 0:03:05]} 58... a5 {[%clk 1:04:08]} 59. Bb6 {[%clk 0:03:09]} 59... b4 {
[%clk 1:04:18]} 60. cxb4 {[%clk 0:01:41]} 60... axb4 {[%clk 1:04:43]} 61. Bc5 {
[%clk 0:00:59]} 61... b3 {[%clk 1:04:52]} 62. axb3 {[%clk 0:01:16]} 62... cxb3
{[%clk 1:05:16]} 63. Ba3 {[%clk 0:01:38]} 63... f4+ {[%clk 1:05:37]} 64. Kf2 {
[%clk 0:01:05]} 64... Kd3 {[%clk 1:05:59]} 65. Ke1 {[%clk 0:00:51]} 65... Kc2 {
[%clk 1:06:18]} 66. Kf2 {[%clk 0:01:05]} 66... b2 {[%clk 1:06:24]} 67. Bxb2 {
[%clk 0:01:24]} 67... Kxb2 {[%clk 1:06:51]} 68. Ke1 {[%clk 0:01:36]} 68... Kc3
{[%clk 1:07:13]} 69. Kf2 {[%clk 0:02:00]} 69... Kd2 {[%clk 1:07:36]} 70. Kf1 {
[%clk 0:02:22]} 70... Ke3 {[%clk 1:07:54]} 71. Ke1 {[%clk 0:02:42]} 71... Be2 {
[%clk 1:08:00]} 72. h5 {[%clk 0:03:05]} 72... f3 {[%clk 1:08:24]} 0-1